000 00589nam a2200205 a 4500
001 6790
003 CO-ViMGA
008 141112s2004 ck r 000 u spa d
040 _aCO-ViMGA
_bspa
_cCO-ViMGA
082 0 4 _a371 U767
110 _aUniversidad de Caldas
_95736
245 1 0 _aUsos, desusos y abusos del cuaderno y la grafica en la escuela /
_cBernal Villegas Alfredo y otros
250 _aResurgir
260 _aManizales :
_bResurgir,
_c1995
300 _a195 p : il
490 _aVida escolar
500 _aPeridiocidad : SG
650 1 4 _aENSEƑANZA
_94443
942 _2ddc
_cBK
999 _c18759
_d18759